[Event "Mittelfranken Landesliga Nord 2223"]
[Site "Mittelfranken"]
[Date "2022.12.11"]
[Round "4.3"]
[White "Rupp, Markus"]
[Black "Bachstein, Dustin"]
[Result "1/2-1/2"]
[WhiteElo "2154"]
[BlackElo "2146"]
[PlyCount "68"]
[EventDate "2022.10.09"]
[EventType "team-tourn"]
[EventRounds "9"]
[EventCountry "GER"]
[SourceTitle "EXT 2024"]
[Source "ChessBase"]
[SourceDate "2023.10.10"]
[SourceVersion "1"]
[SourceVersionDate "2023.10.10"]
[SourceQuality "1"]
[WhiteTeam "Wuerzburg"]
[BlackTeam "Erlangen II"]
[WhiteTeamCountry "GER"]
[BlackTeamCountry "GER"]

1. d4 Nf6 2. c4 e6 3. Nc3 Bb4 4. e3 0-0 5. Bd3 c5 6. Nge2 Nc6 7. a3 Bxc3+ 8. Nxc3 cxd4 9. exd4 d5 10. cxd5 Nxd5 11. Bc2 Nxc3 12. bxc3 e5 13. d5 Ne7 14. c4 Bf5 15. Bb3 Ng6 16. 0-0 Qh4 17. Be3 e4 18. f4 exf3 19. Qxf3 Bd3 20. Bf2 Qe4 21. Rfe1 Qxf3 22. gxf3 b6 23. Rad1 Bf5 24. Ba4 Rad8 25. Bg3 Bd7 26. Bc2 Rc8 27. Bb3 Rfd8 28. Rd2 h5 29. Rd4 Bf5 30. h4 Rc5 31. a4 a6 32. Rdd1 Rcc8 33. Ra1 Bd3 34. Rac1 a5 1/2-1/2

[Event "Mittelfranken Landesliga Nord 2122"]
[Site "Mittelfranken"]
[Date "2022.03.20"]
[Round "4.1"]
[White "Lauer, Moritz"]
[Black "Bachstein, Dustin"]
[Result "1-0"]
[WhiteElo "2400"]
[BlackElo "2166"]
[PlyCount "68"]
[EventDate "2021.10.24"]
[EventType "team-tourn"]
[EventRounds "9"]
[EventCountry "GER"]
[SourceTitle "EXT 2024"]
[Source "ChessBase"]
[SourceDate "2023.10.10"]
[SourceVersion "1"]
[SourceVersionDate "2023.10.10"]
[SourceQuality "1"]
[WhiteTeam "Herzogenaurach"]
[BlackTeam "Erlangen II"]
[WhiteTeamCountry "GER"]
[BlackTeamCountry "GER"]

1. e4 c5 2. Be2 Nc6 3. f4 g6 4. Nf3 Bg7 5. 0-0 e6 6. c3 d5 7. d3 Nge7 8. Be3 d4 9. Bf2 0-0 10. Qd2 e5 11. cxd4 exd4 12. Na3 Be6 13. Rac1 b6 14. Nc4 h6 15. a3 b5 16. Nce5 Na5 17. Bd1 f6 18. Nxg6 Nxg6 19. f5 Nb3 20. Bxb3 Bxb3 21. fxg6 Rc8 22. Nh4 Be6 23. b4 cxb4 24. Rxc8 Qxc8 25. Qxb4 Qd7 26. Nf3 f5 27. e5 Rc8 28. Nxd4 Bxe5 29. Nxe6 Qxe6 30. Re1 Qd6 31. Qb3+ Kh8 32. Qxb5 Bxh2+ 33. Kh1 Rf8 34. Re8 Kg7 1-0

[Event "Regionalliga Nord-Ost 1819"]
[Site "Bayern"]
[Date "2019.02.24"]
[Round "7.1"]
[White "Bachstein, Dustin"]
[Black "Mueller, Christian"]
[Result "1/2-1/2"]
[WhiteElo "2095"]
[BlackElo "2165"]
[PlyCount "135"]
[EventDate "2018.10.21"]
[EventType "team-tourn"]
[EventRounds "9"]
[EventCountry "GER"]
[SourceTitle "EXT 2022"]
[Source "ChessBase"]
[SourceDate "2021.10.06"]
[SourceVersion "1"]
[SourceVersionDate "2021.10.06"]
[SourceQuality "1"]
[WhiteTeam "Erlangen SC II"]
[BlackTeam "Windischeschenbach"]
[WhiteTeamCountry "GER"]
[BlackTeamCountry "GER"]

1. e4 d6 2. d4 Nf6 3. Nc3 e5 4. Nf3 Nbd7 5. Bc4 Be7 6. 0-0 0-0 7. Re1 c6 8. a4 a5 9. h3 Qc7 10. Ba2 exd4 11. Qxd4 Nc5 12. Be3 Be6 13. Bxe6 Nxe6 14. Qc4 Nd7 15. Rad1 Ne5 16. Qe2 Nxf3+ 17. Qxf3 Bf6 18. Rd3 Nc5 19. Bxc5 dxc5 20. Qf5 Qe5 21. Qxe5 Bxe5 22. b3 Rfd8 23. Red1 Rxd3 24. Rxd3 Kf8 25. Ne2 Ke7 26. f4 Bc7 27. Kf2 b5 28. Kf3 Rb8 29. axb5 cxb5 30. Nc3 Bd8 31. Rd5 b4 32. Na4 c4 33. e5 cxb3 34. cxb3 Rc8 35. Rc5 Rxc5 36. Nxc5 Bb6 37. Na4 Bg1 38. Ke4 g6 39. Nb2 Bb6 40. Nc4 Bd8 41. g4 f6 42. Kd5 fxe5 43. fxe5 h5 44. gxh5 gxh5 45. Ne3 Bc7 46. Nf5+ Kf8 47. Nd4 Ke7 48. e6 Bb6 49. Nc6+ Ke8 50. Kc4 Bc7 51. Kb5 h4 52. Kc4 Bb6 53. Ne5 Ke7 54. Kd5 Ke8 55. Kc6 a4 56. bxa4 b3 57. Nc4 Bd4 58. Nd2 b2 59. Kd6 Be3 60. Nb1 Bf4+ 61. Kd5 Bc7 62. Kc6 Ba5 63. Kd6 Bb4+ 64. Ke5 Ke7 65. Kf5 Be1 66. Ke5 Bb4 67. Kd5 Be1 68. Ke5 1/2-1/2

[Event "Regionalliga Nord-Ost 1819"]
[Site "Bayern"]
[Date "2019.02.03"]
[Round "6.1"]
[White "Grimm, Pascal"]
[Black "Bachstein, Dustin"]
[Result "0-1"]
[WhiteElo "1995"]
[BlackElo "2095"]
[PlyCount "76"]
[EventDate "2018.10.21"]
[EventType "team-tourn"]
[EventRounds "9"]
[EventCountry "GER"]
[SourceTitle "EXT 2022"]
[Source "ChessBase"]
[SourceDate "2021.10.06"]
[SourceVersion "1"]
[SourceVersionDate "2021.10.06"]
[SourceQuality "1"]
[WhiteTeam "Postbauer Heng"]
[BlackTeam "Erlangen SC II"]
[WhiteTeamCountry "GER"]
[BlackTeamCountry "GER"]

1. d4 Nf6 2. Bf4 d5 3. e3 c5 4. c3 Nc6 5. Nd2 Bf5 6. Ngf3 Qb6 7. Nh4 Bd7 8. Qb3 c4 9. Qxb6 axb6 10. e4 b5 11. f3 h6 12. Nf5 g5 13. Be5 Bxf5 14. Bxf6 exf6 15. exf5 Bd6 16. Be2 Kd7 17. Kf2 Ne7 18. a3 Nxf5 19. Rae1 Rhe8 20. Nf1 Re7 21. g4 Ng7 22. Ng3 Rae8 23. Bd1 Rxe1 24. Rxe1 Rxe1 25. Kxe1 Bxg3+ 26. hxg3 f5 27. gxf5 Nxf5 28. Kf2 Nd6 29. Ke3 Ke6 30. a4 bxa4 31. Bxa4 h5 32. f4 Nf5+ 33. Kf3 g4+ 34. Kf2 Nd6 35. Kg2 b5 36. Bc2 Nc8 37. b3 cxb3 38. Bxb3 Nb6 0-1

[Event "Regionalliga Nord-Ost 1819"]
[Site "Bayern"]
[Date "2018.10.21"]
[Round "1.1"]
[White "Egger, Thomas"]
[Black "Bachstein, Dustin"]
[Result "0-1"]
[WhiteElo "2140"]
[BlackElo "2095"]
[PlyCount "98"]
[EventDate "2018.10.21"]
[EventType "team-tourn"]
[EventRounds "9"]
[EventCountry "GER"]
[SourceTitle "EXT 2022"]
[Source "ChessBase"]
[SourceDate "2021.10.06"]
[SourceVersion "1"]
[SourceVersionDate "2021.10.06"]
[SourceQuality "1"]
[WhiteTeam "Buechenbach/Roth"]
[BlackTeam "Erlangen SC II"]
[WhiteTeamCountry "GER"]
[BlackTeamCountry "GER"]

1. Nf3 d5 2. c4 d4 3. d3 Nc6 4. g3 e5 5. Bg2 Nf6 6. 0-0 Bd6 7. Na3 0-0 8. Nc2 Re8 9. Rb1 a5 10. b3 Nb4 11. a3 Nxc2 12. Qxc2 Qe7 13. a4 Bc5 14. Bg5 h6 15. Bxf6 Qxf6 16. Nd2 Qe7 17. Ne4 Ba7 18. Rbe1 c6 19. e3 f5 20. Nd2 dxe3 21. fxe3 f4 22. gxf4 exf4 23. Rxf4 Bxe3+ 24. Kh1 Bxf4 25. Rxe7 Rxe7 26. Ne4 Bf5 27. Qf2 Rf8 28. Qh4 Bg5 29. Qg3 Bf4 30. Qh4 Bg5 31. Qg3 Bxe4 32. Bxe4 Rf4 33. Qh3 Rf8 34. Kg2 Kh8 35. Qh5 Re6 36. h4 Bd2 37. Qe2 Bc3 38. Qg4 Ref6 39. Qh5 Bb4 40. c5 Bc3 41. Kh3 Bd4 42. Kg2 Be3 43. Kh3 Bf4 44. Qg4 Be5 45. Qh5 Bc7 46. Qg4 Rf2 47. Bg2 Re8 48. Qd4 Ree2 49. Be4 h5 0-1

[Event "Pardubice Czech op-B 29th"]
[Site "Pardubice"]
[Date "2018.07.28"]
[Round "9"]
[White "Sim, Jia Ru"]
[Black "Bachstein, Dustin"]
[Result "0-1"]
[WhiteElo "1917"]
[BlackElo "2037"]
[PlyCount "114"]
[EventDate "2018.07.20"]
[EventType "swiss"]
[EventRounds "9"]
[EventCountry "CZE"]
[SourceTitle "CBM 186 Extra"]
[Source "ChessBase"]
[SourceDate "2018.08.24"]
[SourceVersion "1"]
[SourceVersionDate "2018.08.24"]
[SourceQuality "1"]

1. e4 c5 2. Nf3 d6 3. c3 Nf6 4. Be2 g6 5. 0-0 Bg7 6. Qc2 Qc7 7. d3 0-0 8. h3 d5 9. Bg5 Nbd7 10. Nbd2 b6 11. Nh2 h6 12. Bh4 e5 13. g4 Bb7 14. Bg3 c4 15. f3 cxd3 16. Bxd3 Nc5 17. exd5 Nxd5 18. Rfe1 Nxd3 19. Qxd3 Rad8 20. Qc4 Qxc4 21. Nxc4 f6 22. Rad1 Rd7 23. Rd2 Rfd8 24. Red1 Bc6 25. Kf2 Bf8 26. Nf1 Bc5+ 27. Ke1 Bb5 28. b4 Bxc4 29. bxc5 Bxf1 30. c6 Rc7 31. Rxd5 Rxd5 32. Rxd5 Bxh3 33. Rd8+ Kf7 34. Rh8 Kg7 35. Ra8 a5 36. Bf2 Rxc6 37. Ra7+ Kg8 38. Kd2 Bg2 39. Rb7 Bxf3 40. Rb8+ Kf7 41. Bxb6 Bxg4 42. Bxa5 Ra6 43. Rb5 h5 44. Ke3 Ke6 45. Rb6+ Rxb6 46. Bxb6 Kd5 47. a4 Bc8 48. a5 f5 49. Bc7 Ba6 50. Kf3 g5 51. Bd8 g4+ 52. Ke3 f4+ 53. Kf2 Ke4 54. Bb6 h4 55. Kg2 h3+ 56. Kh2 Kf3 57. Bc5 e4 0-1

[Event "Regionalliga Nord-Ost 1718"]
[Site "Bayern"]
[Date "2018.04.15"]
[Round "9.1"]
[White "Dvornic, Mladen"]
[Black "Bachstein, Dustin"]
[Result "1/2-1/2"]
[WhiteElo "2314"]
[BlackElo "2061"]
[PlyCount "54"]
[EventDate "2017.10.22"]
[EventType "team-tourn"]
[EventRounds "9"]
[EventCountry "GER"]
[SourceTitle "EXT 2022"]
[Source "ChessBase"]
[SourceDate "2021.10.06"]
[SourceVersion "1"]
[SourceVersionDate "2021.10.06"]
[SourceQuality "1"]
[WhiteTeam "Weiden"]
[BlackTeam "Erlangen SC II"]
[WhiteTeamCountry "GER"]
[BlackTeamCountry "GER"]

1. e4 c5 2. Nf3 d6 3. d4 cxd4 4. Nxd4 Nf6 5. Nc3 a6 6. Be3 e5 7. Nb3 Be7 8. f3 Be6 9. Qd2 0-0 10. 0-0-0 Nbd7 11. Kb1 b5 12. Nd5 Bxd5 13. exd5 Nb6 14. Bxb6 Qxb6 15. Na5 Nxd5 16. Qxd5 Qxa5 17. Bd3 Qb4 18. Rhe1 Rfe8 19. f4 Bf6 20. a3 Qc5 21. Qxc5 dxc5 22. Be4 Rad8 23. f5 b4 24. Bc6 Rf8 25. c3 a5 26. Kc2 Rxd1 27. Rxd1 Rd8 1/2-1/2

[Event "Pardubice Czech op-B 28th"]
[Site "Pardubice"]
[Date "2017.07.25"]
[Round "5"]
[White "Mustafayev, Farid Farman Oglu"]
[Black "Bachstein, Dustin"]
[Result "1-0"]
[WhiteElo "1968"]
[BlackElo "2084"]
[PlyCount "106"]
[EventDate "2017.07.21"]
[EventType "swiss"]
[EventRounds "9"]
[EventCountry "CZE"]
[SourceTitle "CBM 179 Extra"]
[Source "ChessBase"]
[SourceDate "2017.08.23"]
[SourceVersion "1"]
[SourceVersionDate "2017.08.23"]
[SourceQuality "1"]

1. d4 Nf6 2. Nf3 d5 3. c4 e6 4. cxd5 exd5 5. g3 c6 6. Bg2 Bf5 7. 0-0 h6 8. Nc3 Bd6 9. Nh4 Bh7 10. Bh3 Nbd7 11. Nf5 Bxf5 12. Bxf5 Qe7 13. Re1 g6 14. Bd3 Ne4 15. f3 Nxg3 16. hxg3 Bxg3 17. Kg2 Bxe1 18. Qxe1 Kf8 19. Qg3 Nf6 20. Qe5 Qxe5 21. dxe5 Nd7 22. f4 Kg7 23. b3 Rhe8 24. Bb2 Nc5 25. Kf3 a5 26. Ba3 Nxd3 27. exd3 a4 28. bxa4 d4 29. Ne4 Rxa4 30. Bc5 Rea8 31. Rb1 b5 32. a3 Rd8 33. Rc1 Ra6 34. Nd6 Ra4 35. Bb4 Ra6 36. Ke4 Rd7 37. Kxd4 h5 38. Kc5 Kf8 39. Nxb5 Ke7 40. Kc4+ Kd8 41. Nd6 Kc7 42. Ne8+ Kd8 43. Nf6 Rb7 44. d4 Ra4 45. Rg1 Kc7 46. f5 gxf5 47. Rg5 f4 48. Rf5 Ra8 49. Rxf4 Rh8 50. Rh4 Rh6 51. Rxh5 Rg6 52. Rh8 Ra7 53. Bd6+ Kb6 1-0

[Event "Regionalliga NO 1617"]
[Site "Bayern"]
[Date "2017.02.05"]
[Round "5.2"]
[White "Bachstein, Dustin"]
[Black "Votruba, Pavel"]
[Result "1-0"]
[WhiteElo "2055"]
[BlackElo "2178"]
[PlyCount "59"]
[EventDate "2016.10.16"]
[EventType "team-tourn"]
[EventRounds "9"]
[EventCountry "GER"]
[SourceTitle "EXT 2019"]
[Source "ChessBase"]
[SourceDate "2018.10.10"]
[SourceVersion "1"]
[SourceVersionDate "2018.10.10"]
[SourceQuality "1"]
[WhiteTeam "Erlangen SC II"]
[BlackTeam "Schwandorf"]
[WhiteTeamCountry "GER"]
[BlackTeamCountry "GER"]

1. e4 e6 2. d4 d5 3. Nc3 Bb4 4. e5 c5 5. a3 Ba5 6. b4 cxd4 7. Qg4 Kf8 8. bxa5 dxc3 9. Bd3 Ne7 10. Ne2 Nbc6 11. f4 Qxa5 12. Ng3 g6 13. Qg5 Ng8 14. a4 h6 15. Qg4 h5 16. Ba3+ Kg7 17. Qe2 Bd7 18. 0-0 Qb6+ 19. Rf2 Nh6 20. Nxh5+ gxh5 21. Qxh5 Qd8 22. Rf3 Ne7 23. Rg3+ Kf8 24. Qg5 Ke8 25. Qg7 Rf8 26. Qxh6 Bc6 27. Bh7 Kd7 28. f5 Rh8 29. fxe6+ fxe6 30. Bxe7 1-0

[Event "Regionalliga NO 1617"]
[Site "Bayern"]
[Date "2016.10.16"]
[Round "1.2"]
[White "Bachstein, Dustin"]
[Black "Braun, Michael1111"]
[Result "1-0"]
[WhiteElo "2055"]
[BlackElo "2061"]
[PlyCount "65"]
[EventDate "2016.10.16"]
[EventType "team-tourn"]
[EventRounds "9"]
[EventCountry "GER"]
[SourceTitle "EXT 2019"]
[Source "ChessBase"]
[SourceDate "2018.10.10"]
[SourceVersion "1"]
[SourceVersionDate "2018.10.10"]
[SourceQuality "1"]
[WhiteTeam "Erlangen SC II"]
[BlackTeam "Buechenbach/Roth"]
[WhiteTeamCountry "GER"]
[BlackTeamCountry "GER"]

1. e4 c5 2. Nf3 d6 3. d4 cxd4 4. Nxd4 Nf6 5. Nc3 a6 6. Bg5 e6 7. f4 h6 8. Bh4 Be7 9. Qf3 Nbd7 10. 0-0-0 Qc7 11. Be2 0-0 12. g4 b5 13. g5 hxg5 14. Bxg5 Bb7 15. Rhg1 b4 16. Bh6 g6 17. Nxe6 fxe6 18. Qg3 Ng4 19. Bxg4 Rf6 20. Bh5 Nf8 21. e5 bxc3 22. exf6 cxb2+ 23. Kb1 Be4 24. Rd2 Bxf6 25. Bxf8 Kxf8 26. Bxg6 Bd5 27. Rxd5 exd5 28. Qg2 Qc5 29. Bf5 Ke7 30. Re1+ Kf8 31. Bh7 Bg7 32. Qg6 Qc7 33. Qe6 1-0

[Event "Nuremberg Zabo op 18th"]
[Site "Nuremberg"]
[Date "2016.09.17"]
[Round "3"]
[White "Bachstein, Dustin"]
[Black "Wenninger, Philipp"]
[Result "0-1"]
[WhiteElo "2058"]
[BlackElo "2352"]
[PlyCount "74"]
[EventDate "2016.09.16"]
[EventType "swiss"]
[EventRounds "5"]
[EventCountry "GER"]
[SourceTitle "EXT 2018"]
[Source "ChessBase"]
[SourceDate "2017.10.13"]
[SourceVersion "1"]
[SourceVersionDate "2017.10.13"]
[SourceQuality "1"]

1. e4 c6 2. d4 d5 3. Nc3 dxe4 4. Nxe4 Bf5 5. Ng3 Bg6 6. h4 h6 7. Nf3 Nd7 8. h5 Bh7 9. Bd3 Bxd3 10. Qxd3 e6 11. Bd2 Ngf6 12. 0-0-0 Be7 13. Kb1 0-0 14. Ne4 c5 15. Bc3 Nxe4 16. Qxe4 Nf6 17. Qe2 Nd5 18. Bd2 cxd4 19. Nxd4 Qb6 20. Nb3 a5 21. Qg4 f5 22. Qd4 Qc7 23. Bc3 Bf6 24. Qc5 Nxc3+ 25. bxc3 Rfc8 26. Qxc7 Rxc7 27. Rhe1 Ra6 28. f4 Bxc3 29. Rd8+ Kh7 30. Re3 Bf6 31. Rd1 a4 32. Nd4 Rb6+ 33. Kc1 e5 34. Nxf5 exf4 35. Rf3 Rb2 36. Rd2 Rxa2 37. c3 Ra3 0-1

[Event "Nuremberg Zabo op 18th"]
[Site "Nuremberg"]
[Date "2016.09.16"]
[Round "1"]
[White "Bachstein, Dustin"]
[Black "Meyer, Robert"]
[Result "1-0"]
[WhiteElo "2058"]
[BlackElo "1613"]
[PlyCount "85"]
[EventDate "2016.09.16"]
[EventType "swiss"]
[EventRounds "5"]
[EventCountry "GER"]
[SourceTitle "EXT 2018"]
[Source "ChessBase"]
[SourceDate "2017.10.13"]
[SourceVersion "1"]
[SourceVersionDate "2017.10.13"]
[SourceQuality "1"]

1. e4 e6 2. d4 d5 3. Nc3 Bb4 4. e5 c5 5. a3 Bxc3+ 6. bxc3 Qa5 7. Bd2 Ne7 8. Qg4 Ng6 9. h4 h5 10. Qg5 Qd8 11. Qg3 Nc6 12. Bd3 Nce7 13. Ne2 c4 14. Bxg6 Nxg6 15. Nf4 Rh6 16. Nxg6 Rxg6 17. Bg5 f6 18. Bxf6 Rxg3 19. Bxd8 Rxg2 20. Bg5 Bd7 21. Kf1 Rg4 22. f3 Rg3 23. Kf2 Rxg5 24. hxg5 g6 25. Rh4 Ke7 26. Rf4 Rg8 27. Rf6 Ba4 28. Rb1 b6 29. Rc1 Be8 30. Kg3 Ba4 31. f4 Be8 32. a4 Bxa4 33. Ra1 b5 34. Kh4 Rg7 35. f5 exf5 36. Rd6 f4 37. Rf6 a5 38. Rxf4 Bxc2 39. Rxa5 Bf5 40. Rxb5 Ke6 41. Rb6+ Kd7 42. Rxf5 gxf5 43. Rb7+ 1-0

[Event "Oberliga Bayern 1516"]
[Site "Bayern"]
[Date "2016.04.10"]
[Round "9.8"]
[White "Bachstein, Dustin"]
[Black "Gruber, Roland"]
[Result "1-0"]
[WhiteElo "2068"]
[BlackElo "2174"]
[PlyCount "67"]
[EventDate "2015.10.11"]
[EventType "team-tourn"]
[EventRounds "9"]
[EventCountry "GER"]
[SourceTitle "EXT 2018"]
[Source "ChessBase"]
[SourceDate "2017.10.13"]
[SourceVersion "1"]
[SourceVersionDate "2017.10.13"]
[SourceQuality "1"]
[WhiteTeam "Erlangen SC"]
[BlackTeam "Regensburg Post/Sued"]
[WhiteTeamCountry "GER"]
[BlackTeamCountry "GER"]

1. e4 d6 2. d4 g6 3. Nc3 Bg7 4. f4 e6 5. Nf3 Ne7 6. Bd3 Nd7 7. Qe2 a6 8. f5 exf5 9. exf5 Nf6 10. Bg5 d5 11. 0-0 0-0 12. fxg6 fxg6 13. Rae1 Rf7 14. Ne5 Rf8 15. Nf3 Rf7 16. Ne5 Rf8 17. Qd2 c6 18. Rf2 Nf5 19. Bxf5 Bxf5 20. g4 Be4 21. Nxe4 Nxe4 22. Rxe4 Rxf2 23. Kxf2 Qb6 24. Re1 Rf8+ 25. Kg2 Qxb2 26. c3 Qb5 27. Nd7 Rc8 28. Qe3 h6 29. Bf6 c5 30. Qe6+ Kh7 31. Qf7 Qb2+ 32. Kh1 Rg8 33. Bxg7 Qxc3 34. Nf6# 1-0

[Event "Oberliga Bayern 1516"]
[Site "Bayern"]
[Date "2016.03.13"]
[Round "8.8"]
[White "Paerr, Manfred"]
[Black "Bachstein, Dustin"]
[Result "1-0"]
[WhiteElo "2069"]
[BlackElo "2068"]
[PlyCount "85"]
[EventDate "2015.10.11"]
[EventType "team-tourn"]
[EventRounds "9"]
[EventCountry "GER"]
[SourceTitle "EXT 2018"]
[Source "ChessBase"]
[SourceDate "2017.10.13"]
[SourceVersion "1"]
[SourceVersionDate "2017.10.13"]
[SourceQuality "1"]
[WhiteTeam "Kareth Lappersdorf"]
[BlackTeam "Erlangen SC"]
[WhiteTeamCountry "GER"]
[BlackTeamCountry "GER"]

1. e4 c5 2. Nc3 Nc6 3. g3 g6 4. Bg2 Bg7 5. d3 d6 6. Be3 Rb8 7. Qd2 b5 8. Nge2 Nd4 9. 0-0 b4 10. Nd1 a5 11. Nf4 Nf6 12. c3 Nb5 13. h3 0-0 14. Ne2 bxc3 15. bxc3 e5 16. Bh6 Re8 17. Bxg7 Kxg7 18. Ne3 Be6 19. f4 c4 20. d4 exd4 21. Nxd4 Nxd4 22. cxd4 Bc8 23. Qc2 Ba6 24. Rad1 Qc8 25. e5 Nd7 26. Qc3 Kg8 27. Rf2 a4 28. f5 dxe5 29. fxg6 hxg6 30. Bd5 Re7 31. Rxf7 Rxf7 32. Rf1 Nf8 33. Bxf7+ Kg7 34. d5 Qc7 35. Ng4 Qc5+ 36. Kh1 Qd4 37. Qc1 Qe4+ 38. Kg1 Qd4+ 39. Rf2 Nh7 40. Qh6+ Kh8 41. Bxg6 Qd1+ 42. Kh2 a3 43. Qxh7# 1-0

[Event "GER CupT prel8"]
[Site "Weida"]
[Date "2016.01.23"]
[Round "1.3"]
[White "Bachstein, Dustin"]
[Black "Oehl, Tim"]
[Result "0-1"]
[WhiteElo "2070"]
[BlackElo "2087"]
[PlyCount "66"]
[EventDate "2016.01.23"]
[EventType "team-k.o."]
[EventRounds "2"]
[EventCountry "GER"]
[SourceTitle "EXT 2017"]
[Source "ChessBase"]
[SourceDate "2016.10.25"]
[SourceVersion "1"]
[SourceVersionDate "2016.10.25"]
[SourceQuality "1"]
[WhiteTeam "Dresden USV TU"]
[BlackTeam "Erlangen 48/88"]
[WhiteTeamCountry "GER"]
[BlackTeamCountry "GER"]

1. d4 e6 2. c4 f5 3. g3 Nf6 4. Bg2 Be7 5. Nc3 d6 6. Nf3 0-0 7. 0-0 Ne4 8. Qc2 Nxc3 9. Qxc3 a5 10. b3 Bf6 11. Bb2 Nc6 12. Qd2 e5 13. d5 Nb8 14. Rfc1 Nd7 15. a3 Nc5 16. Qc2 a4 17. bxa4 Bd7 18. Rab1 Bxa4 19. Qc3 Nb3 20. Rd1 b6 21. Qb4 Nc5 22. Rf1 Qe8 23. Rfc1 Qh5 24. Rf1 Bc2 25. Rbc1 Be4 26. Rfd1 f4 27. Rf1 Rf7 28. Rce1 Raf8 29. Nd2 Bxg2 30. Kxg2 e4 31. Bxf6 Rxf6 32. f3 Rh6 33. h4 Rg6 0-1

[Event "Forchheim op-A 14th"]
[Site "Forchheim"]
[Date "2015.10.02"]
[Round "1"]
[White "Bachstein, Dustin"]
[Black "Thinius, Marco"]
[Result "1/2-1/2"]
[WhiteElo "2083"]
[BlackElo "2320"]
[PlyCount "109"]
[EventDate "2015.10.02"]
[EventType "swiss"]
[EventRounds "5"]
[EventCountry "GER"]
[SourceTitle "EXT 2019"]
[Source "ChessBase"]
[SourceDate "2018.10.10"]
[SourceVersion "1"]
[SourceVersionDate "2018.10.10"]
[SourceQuality "1"]

1. d4 Nf6 2. c4 c5 3. d5 b5 4. cxb5 a6 5. bxa6 g6 6. Nc3 Bg7 7. Nf3 0-0 8. g3 d6 9. Bg2 Nbd7 10. 0-0 Qa5 11. Rb1 Bxa6 12. Bd2 Bb7 13. Qc2 Qa7 14. e4 Ba6 15. Rfd1 Ng4 16. Bg5 Nde5 17. h3 Nxf3+ 18. Bxf3 Ne5 19. Be2 f5 20. Kg2 Nf7 21. Bf4 Bc8 22. Bd3 Ne5 23. Bxe5 Bxe5 24. exf5 Bxf5 25. Bxf5 Rxf5 26. a3 Qb7 27. Qe4 Qb3 28. Ne2 Ra4 29. Qd3 Qb7 30. Qc2 Qa8 31. Kg1 Qa6 32. Qd3 Qa7 33. Qe3 Rc4 34. b4 Rc2 35. b5 Qb6 36. f4 Bf6 37. g4 Rxe2 38. Qxe2 Rxf4 39. Rf1 c4+ 40. Kg2 Rd4 41. a4 c3 42. Qe6+ Kg7 43. g5 Bxg5 44. Qf7+ Kh6 45. Qf8+ Kh5 46. Qf3+ Kh6 47. Qf8+ Kh5 48. Qf3+ Kh6 49. a5 Qxa5 50. Qf8+ Kh5 51. Qf3+ Kh6 52. b6 c2 53. Qf8+ Kh5 54. Qf3+ Kh6 55. Qf8+ 1/2-1/2

[Event "Nuremberg Zabo op 17th"]
[Site "Nuremberg"]
[Date "2015.09.21"]
[Round "3"]
[White "Schmitz, Tim"]
[Black "Bachstein, Dustin"]
[Result "1-0"]
[WhiteElo "1756"]
[BlackElo "2071"]
[PlyCount "47"]
[EventDate "2015.09.21"]
[EventType "swiss"]
[EventRounds "5"]
[EventCountry "GER"]
[SourceTitle "EXT 2018"]
[Source "ChessBase"]
[SourceDate "2017.10.13"]
[SourceVersion "1"]
[SourceVersionDate "2017.10.13"]
[SourceQuality "1"]

1. e4 e5 2. Nf3 Nc6 3. Bb5 a6 4. Ba4 Nf6 5. 0-0 Be7 6. Re1 b5 7. Bb3 0-0 8. h3 Bb7 9. Nc3 d6 10. a4 Na5 11. Ba2 bxa4 12. d4 exd4 13. Nxd4 Re8 14. Bg5 Nxe4 15. Bxe7 Rxe7 16. Nd5 Re8 17. Qf3 Ng5 18. Qf5 Ne6 19. Nxe6 fxe6 20. Rxe6 Rxe6 21. Qxe6+ Kh8 22. Re1 Nc6 23. Nxc7 Rc8 24. Ne8 1-0

[Event "Mittelfranken-ch HT"]
[Site "Nuremberg"]
[Date "2015.04.02"]
[Round "5"]
[White "Reis, Gerhard"]
[Black "Bachstein, Dustin"]
[Result "1-0"]
[WhiteElo "2182"]
[BlackElo "2108"]
[PlyCount "77"]
[EventDate "2015.03.31"]
[EventType "swiss"]
[EventRounds "9"]
[EventCountry "GER"]
[SourceTitle "EXT 2016"]
[Source "ChessBase"]
[SourceDate "2015.10.08"]
[SourceVersion "1"]
[SourceVersionDate "2015.10.08"]
[SourceQuality "1"]

1. Nf3 Nf6 2. c4 g6 3. g3 Bg7 4. Bg2 0-0 5. 0-0 d6 6. d4 Nc6 7. Nc3 a6 8. h3 Rb8 9. e4 b5 10. cxb5 axb5 11. Re1 b4 12. Nd5 Bd7 13. Bg5 h6 14. Nxf6+ exf6 15. Be3 Re8 16. Rc1 Ne7 17. d5 f5 18. Bd4 fxe4 19. Rxe4 Nf5 20. Rxe8+ Bxe8 21. Bxg7 Kxg7 22. g4 Ne7 23. Qd4+ Kh7 24. Nd2 Ng8 25. Ne4 Ra8 26. Qxb4 Rxa2 27. Qb7 Nf6 28. Ng3 Nd7 29. Qxc7 Qf6 30. Qc3 Rxb2 31. Ne4 Qxc3 32. Rxc3 Rb1+ 33. Kh2 Kg7 34. Nxd6 Nf6 35. Rc8 Bd7 36. Rc7 Kf8 37. Ne4 Nxe4 38. Bxe4 Re1 39. Bxg6 1-0

[Event "Regionalliga NO 1415"]
[Site "Bayern"]
[Date "2015.02.01"]
[Round "6.2"]
[White "Bachstein, Dustin"]
[Black "Erlbeck, Peter"]
[Result "1/2-1/2"]
[WhiteElo "2068"]
[BlackElo "1964"]
[PlyCount "118"]
[EventDate "2014.10.19"]
[EventType "team-tourn"]
[EventRounds "9"]
[EventCountry "GER"]
[SourceTitle "EXT 2018"]
[Source "ChessBase"]
[SourceDate "2017.10.13"]
[SourceVersion "1"]
[SourceVersionDate "2017.10.13"]
[SourceQuality "1"]
[WhiteTeam "Erlangen SC II"]
[BlackTeam "Nuernberg Sued SW II"]
[WhiteTeamCountry "GER"]
[BlackTeamCountry "GER"]

1. d4 f5 2. Bg5 g6 3. Nc3 Bg7 4. h4 d6 5. e3 c6 6. Qd2 h6 7. Bf4 Nf6 8. Bd3 Qa5 9. Nf3 Nbd7 10. 0-0 e5 11. Bh2 Qc7 12. dxe5 dxe5 13. Rfd1 Ng4 14. Bg3 0-0 15. Bc4+ Kh7 16. Qd6 Qxd6 17. Rxd6 Nc5 18. Rad1 f4 19. exf4 exf4 20. Bh2 Nxh2 21. Nxh2 Bf5 22. b4 Bxc3 23. bxc5 Rae8 24. Nf3 Re7 25. Rb1 Kg7 26. Bd3 Bxd3 27. cxd3 Rf5 28. d4 g5 29. hxg5 hxg5 30. Rc1 Ba5 31. Ne5 Bc7 32. Rb1 Bb8 33. Rg6+ Kh7 34. Rd6 Kg7 35. a4 b6 36. Rg6+ Kh7 37. Rxc6 Bxe5 38. dxe5 Rfxe5 39. cxb6 axb6 40. Rcxb6 Re1+ 41. Rxe1 Rxe1+ 42. Kh2 Ra1 43. Ra6 g4 44. f3 Ra2 45. fxg4 f3 46. Kg3 f2 47. Rf6 Rxa4 48. Rxf2 Kg6 49. Rb2 Ra1 50. Rb6+ Kg5 51. Rb5+ Kg6 52. g5 Kh5 53. Kf4 Rf1+ 54. Ke4 Kg6 55. g3 Rf8 56. Re5 Rf1 57. Rd5 Rf8 58. g4 Rf1 59. Rf5 Re1+ 1/2-1/2